Canzoni di Tedua - Statistics

Statistiche generali
  • Questo quiz è stato fatto 146 volte
  • Il punteggio medio è 47 su 86
Statistiche sulle risposte
Album Anno Feat Risposta % Corretto
Orange County California 2016 - OC(California)
80%
Orange County California 2016 Sfera Ebbasta Lingerie
79%
La Divina Commedia(Deluxe) 2024 Annalisa Beatrice
78%
Mowgli 2018 Chris Nolan Vertigini
77%
La Divina Commedia 2023 - Red Light
73%
La Divina Commedia 2023 Sfera Ebbasta Hoe
72%
La Divina Commedia 2023 Baby Gang, Kid Yugi Paradiso Artificiale
71%
La Divina Commedia(Deluxe) 2024 Izi, Disme, Bresh, Vaz Tè Jolly Roger
70%
Orange County California 2016 - Buste Della Spesa
68%
La Divina Commedia(Deluxe) 2024 Capo Plaza Parole Vuote(La Solitudine)
68%
Orange County California 2016 Rkomi 00
66%
Mowgli 2018 Chris Nolan Acqua (Malpensandoti)
66%
Orange County California 2016 Izi Circonvalley
66%
La Divina Commedia 2023 - Malamente
66%
Orange County California 2016 Bresh Step By Step
66%
Orange County California 2016 Ghali Fifty Fifty
65%
Orange County California 2016 - Wasabi Freestyle
65%
Vita Vera Mixtape 2020 Ernia, Chris Nolan Bro II
63%
Vita Vera Mixtape 2020 Izi, Vaz Tè, Guesan, III Rave, Chris Nolan Manhattan
63%
La Divina Commedia 2023 Guè Scala Di Milano
63%
La Divina Commedia 2023 Lazza Volgare
63%
La Divina Commedia 2023 Salmo, Federica Abbate Angelo All'Inferno
62%
La Divina Commedia 2023 Bnkr44 La Verità
62%
La Divina Commedia 2023 Geolier Mancanze Affettive
62%
Vita Vera Mixtape 2020 Bresh, Garelli Mare Mosso
62%
Orange County California 2016 Izi Telefonate
62%
La Divina Commedia 2023 - Bagagli(Improvvisazione)
61%
Vita Vera Mixtape 2020 Lazza, Chris Nolan Party HH
61%
Vita Vera Mixtape 2020 Chris Nolan, AVA, Capo Plaza Polvere
61%
La Divina Commedia(Deluxe) 2024 Tony Boy Al Limite
60%
Vita Vera Mixtape 2020 Rkomi, Chris Nolan, Lita Colori
60%
La Divina Commedia 2023 Marracash Diluvio A Luglio
60%
Mowgli 2018 Chris Nolan Fashion Week
60%
Mowgli 2018 Chris Nolan, Sofiane Fashion Week Rmx
60%
La Divina Commedia(Deluxe) 2024 - Kill Bill
60%
Mowgli 2018 Chris Nolan La legge del più forte
60%
La Divina Commedia 2023 Rkomi, Bresh Anime Libere
59%
Orange County California 2016 - Pugile
59%
Mowgli 2018 Chris Nolan Sangue Misto
59%
La Divina Commedia 2023 - Soffierà
59%
La Divina Commedia(Deluxe) 2024 Angelina Mango Angelo Custode
57%
Mowgli 2018 Chris Nolan Il fabbricante di chiavi
57%
La Divina Commedia 2023 - Intro La Divina Commedia
57%
La Divina Commedia 2023 - Outro Purgatorio
57%
La Divina Commedia 2023 - Lo-fi For U
56%
Vita Vera Mixtape 2020 SHUNE Lo-fi Wuhan
56%
Vita Vera Mixtape 2020 Chris Nolan Vita Vera
56%
Vita Vera Mixtape 2020 Sick Luke Lo Sai
55%
La Divina Commedia(Deluxe) 2024 - Mare Calmo
55%
Vita Vera Mixtape 2020 Chris Nolan Purple
55%
Orange County California 2016 - Lezione
54%
La Divina Commedia(Deluxe) 2024 - Paradiso II
54%
Orange County California 2016 - Pensa Se Piove - RMX
54%
- 2017 Chris Nolan Wasabi 2.0
54%
Mowgli 2018 Chris Nolan 3 Chances (Dilla tutta)
52%
Mowgli 2018 Chris Nolan Cucciolo d'uomo
51%
- 2019 Chris Nolan Elisir
51%
Vita Vera Mixtape 2020 Dargen D'Amico, Chris Nolan, Ghali Pour Toujours
50%
Vita Vera - Mixtape, aspettando la Divina Commedia 2020 Paky, Shiva, Chris Nolan Rari
50%
Mowgli 2018 Chris Nolan Al lupo al lupo
49%
Mowgli 2018 Chris Nolan Burnout
49%
Don't Panic 2021 Chris Nolan, Sick Luke Inferno
49%
Mowgli 2018 Chris Nolan Natura
48%
Orange County California 2016 - Pegaso
48%
Vita Vera - Mixtape, aspettando la Divina Commedia 2020 SHUNE Lo-fi Tu
46%
Vita Vera Mixtape 2020 Chris Nolan Motivo
46%
Orange County California 2016 - Revolver Freestyle
46%
Vita Vera - Mixtape, aspettando la Divina Commedia 2020 Chris Nolan Sailor Moon
46%
Mowgli 2018 Chris Nolan Dune
45%
Don't Panic 2021 SHUNE Lo-fi Drill
45%
Mowgli 2018 Chris Nolan Rital
44%
Orange County California 2016 Laioung Ci Vuole Poco
41%
Vita Vera - Mixtape, aspettando la Divina Commedia 2020 Chris Nolan Amico
40%
Vita Vera - Mixtape, aspettando la Divina Commedia 2020 Disme, Nebbia Figghiò
40%
Vita Vera - Mixtape, aspettando la Divina Commedia 2020 Massimo Pericolo, Chris Nolan, Sick Luke La Story Infinita
40%
Don't Panic 2021 Chris Nolan Gironi
39%
Mowgli 2018 Chris Nolan Jungle
39%
Orange County California 2016 - No Snitch Freestyle
37%
Vita Vera - Mixtape, aspettando la Divina Commedia 2020 Gemitaiz, Madman, Chris Nolan Rap City
37%
Don't Panic 2021 Garelli Badman
35%
Vita Vera - Mixtape, aspettando la Divina Commedia 2020 Tony Effe, Chris Nolan Pass
35%
Vita Vera - Mixtape, aspettando la Divina Commedia 2020 Chris Nolan Clone
34%
Don't Panic 2021 Chris Nolan Corvi
34%
Don't Panic 2021 Chris Nolan Paris
32%
Don't Panic 2021 Chris Nolan Urla
32%
Vita Vera - Mixtape, aspettando la Divina Commedia 2020 Chris Nolan 2 Pezzi
27%
Nessun quiz corrispondente trovato
Distribuzione punteggi
Percentuale di utenti per punteggio
Percentile per numero di risposta
I tuoi punteggi nel tempo
Non hai fatto questo quiz